000 02678nam a2200457 i 4500
001 000049191
003 DO-SdBNP
005 20250227073855.0
007 ta
008 190726e2017 dr ao gr 001 edspa d
020 _a9789945582536 (v.235)
022 _29789945443622 (serie)
040 _aDO-SdBNP
_bspa
_cBNPHU
_erda
082 4 _bM966p
_222
100 1 _aMunnigh, Fidel
_935003
_d1962-
245 1 0 _aPensar la imagen, pensar la mirada /
_cFidel Munnigh; Coordinador, José Alcántara Almánzar, Elvis Francis Soto; Ilustraciones, Miguel Ángel Ramírez García, Sarah Regina Miranda García, José Francisco Pelletier de León, Francisco Bladimir Velázquez Matos, Víctor Mariano Hernández Betances y otros.
264 1 _aSanto Domingo :
_bBanco Central de la República Dominicana,
_c2017.
300 _a156 páginas
_bilustraciones, fotografías
_c24 cm.
336 _2rdacontent
_atexto
_btxt
337 _2rdamedia
_asin mediación
_bn
338 _2rdacarrier
_avolumen
_bnc
490 _aBanco Central de la República Dominicana
490 _aArte y literatura;
_v242
500 _aIncluye datos biográficos del autor en la solapa de la cubierta.
505 _aPalabras del aurtor.
_tUno.- Arte contemporáneo: ¿orden o caos?.--
_tDos.- Pensar lo contemporáneo.--
_tTres.- (Re)pensar la crítica.--
_tCuatro.- La crítica filosófica del arte: tres momentos.--
_tCinco.- Pensar la cultura (Para una étic y una estética de la praxis cultural).--
_tSeis.- Pensar el saber, pensar el sujeto.--
_tSiete.- Reino de la imagen (pensar las culturas visuales).--
_tOcho.- Pensar el espacio (Espacios sagrados, Espacios profanos).--
_tNueve.- Hiroshima Mon Amour: el diálogo texto-imagen en libertad. Adenda.--
_tDiez.- El ensayo filosófico, zona de confluencia.--
_tColección del Banco Central de República Dominicana.
590 _aInventariado, 2019/VM
600 1 _aMunnigh, Fidel,
_d1962-
_981368
650 0 _aArtes
_xRepública Dominicana
_931065
650 4 _aArtes
_930489
_xCrítica e Interpretación.
650 4 _aFilosofía del Arte
_97334
_xEnsayos
700 1 _aAlcántara Almánzar, José
_d1946-
_ecoordinador
_97018
700 1 _939156
_aSoto, Elvis Francis
_ecoordinador
700 1 _aRamírez García, Miguel Ángel
_eilustraciones
_981369
700 1 _a Miranda García, Sarah Regina
_eilustraciones
_981370
700 1 _aPellerier de León, José Francisco
_eilustraciones
_981371
700 1 _aVelázquez Matos, Francisco Bladimir
_eilustraciones
_981372
700 1 _aVíctor Mariano, Hernández Betances
_eilustraciones
_981373
700 1 _aPeña Arias, Johanne Diomares
_eilustraciones
_981374
910 _aVMateo
942 _2ddc
_cLBS1
999 _c48679
_d48679